[Event "Guayaquil Feda 176 op"]
[Site "Guayaquil"]
[Date "2012.01.20"]
[Round "2"]
[White "Galefsky Caycho, Eduardo"]
[Black "Moncada Russo, Bryan Andrew"]
[Result "0-1"]
[WhiteElo "2000"]
[BlackElo "1853"]
[PlyCount "74"]
[EventDate "2012.01.20"]
[EventType "swiss"]
[EventRounds "7"]
[EventCountry "ECU"]
[SourceTitle "EXT 2014"]
[Source "ChessBase"]
[SourceDate "2013.11.20"]
[SourceVersion "1"]
[SourceVersionDate "2013.11.20"]
[SourceQuality "1"]

1. e4 e5 2. Nf3 Nc6 3. Bc4 Nf6 4. d3 Be7 5. Nc3 d6 6. h3 Be6 7. 0-0 Qd7 8. Bxe6 fxe6 9. d4 0-0 10. dxe5 dxe5 11. Qxd7 Nxd7 12. Be3 a6 13. Rad1 Rad8 14. Ng5 Nd4 15. Rd2 h6 16. Nf3 Rxf3 17. Bxd4 exd4 18. gxf3 dxc3 19. bxc3 Nc5 20. Rxd8+ Bxd8 21. Rd1 Bf6 22. c4 g5 23. Kf1 Kf7 24. Ke2 Ke7 25. Ke3 e5 26. Rd5 b6 27. Ke2 Ne6 28. Rd1 Nd4+ 29. Kd3 Nxf3 30. c3 Nh4 31. c5 Kd7 32. a4 Kc6 33. Kc4 Ng6 34. cxb6 cxb6 35. Rh1 Nf4 36. f3 Be7 37. Rh2 Ne6 0-1